000 01920nam0a2200373 4500
001 RU\NLR\BIBL_A\012869463
005 20221020104541.0
010 _a978-5-0056-4601-9
021 _aRU
_bКН-П-22-037880
_9КН-П-22-3263
035 _a(NLR Aleph) 012869463
035 _a(RuMoRGB)011107965
090 _a12484386
_c12484386
100 _a20220817d2022 m y0rusy50 ca
101 0 _arus
102 _aRU
105 _aa z 000ay
181 0 _ai3
_baxxe
182 0 _an
200 1 _aВкрадцыи
_eвесёлые истории
_fСергей Бушов
203 _aТекст
_bвизуальный
_cнепосредственный
210 _a[Б. м.]
_cИздательские решения
_d2022
215 _a794, [4] с.
_cил.
_d22
320 _aДр. произведения авт. на 4-й с. обл.
327 1 _aСодерж.: части: Рассказы и повести; Люди и диалоги; Вкрадцыи
330 _aСборник весёлых и абсурдных рассказов и шуток. Из этой книги вы узнаете: когда Виктор Николаевич Покобатько говорит с котом; что случилось с замком сэра Ричарда; откуда взялись лыжники ада; почему упал Челифер; чем опасен пщеш; и многое другое. Не рекомендуется людям без чувства юмора, а также тем, кто всё воспринимает чересчур всерьёз
333 _a18+
675 _a821.161.1-3
_v4
686 2 _aШ6(2=Р)8-7,4
700 1 _aБушов
_bС. А.
_f1974-
_gСергей Александрович
942 _cBOOK
980 _aNB